Finanzas públicas : esbozo de una teoría general /
Guardado en:
| Autor Principal: | |
|---|---|
| Formato: | Libro |
| Idioma: | Spanish |
| Publicado: |
Buenos Aires :
Editorial Cangallo,
c1978.
|
| Edición: | 1a. ed. |
| Series: | Colección Estudios de finanzas públicas y de derecho tributario.
|
| Materias: | |
| Etiquetas: |
Agregar Etiqueta
Sin Etiquetas, Sea el primero en etiquetar este registro!
|
| LEADER | 00916nam a22002415a 4500 | ||
|---|---|---|---|
| 001 | EAD.ead001033 | ||
| 008 | 071010s1978####ag#######b####001#0#spa#d | ||
| 005 | 20230731134602.0 | ||
| 245 | 1 | 0 | |a Finanzas públicas : |b esbozo de una teoría general / |c Dino Jarach. |
| 250 | |a 1a. ed. | ||
| 260 | |a Buenos Aires : |b Editorial Cangallo, |c c1978. | ||
| 300 | |a xlii, 650 p. ; |c 23 cm. | ||
| 490 | 1 | |a Colección Estudios de finanzas públicas y de derecho tributario | |
| 504 | |a Incluye referencias bibliográficas e índices. | ||
| 100 | 1 | |a Jarach, Dino, |d 1915-1996. | |
| 830 | 0 | |a Colección Estudios de finanzas públicas y de derecho tributario. | |
| 082 | 0 | 4 | |a 336 |2 21 |
| 650 | 7 | |a Hacienda pública. |2 unbist | |
| 650 | 7 | |a Presupuesto público. |2 isoc | |
| 650 | 7 | |a Sistema impositivo. |2 isoc | |
| 650 | 7 | |a Tributación. |2 unbist | |
| 650 | 7 | |a Deuda pública. |2 unbist | |
| 859 | |a AR-BaBDC |b BIB. ADMINISTRACION - Libros |h 336 |i J28 |p b00753 | ||
